|
|
|
|
| LEADER |
00000nam0a2200000 4500 |
| 001 |
12816 |
| 005 |
20231030184621.0 |
| 010 |
|
|
|a 5763208633
|
| 035 |
|
|
|a (RuTPU)RU\TPU\book\12896
|
| 035 |
|
|
|a BOOK00012962
|
| 090 |
|
|
|a 12816
|
| 100 |
|
|
|a 20011209d1999 m y0rusy50 ca
|
| 101 |
0 |
|
|a rus
|
| 102 |
|
|
|a RU
|
| 105 |
|
|
|a a z 000ay
|
| 200 |
1 |
|
|a Ночь пса
|e Фантастический роман
|f Б. Ф. Иванов
|
| 210 |
|
|
|a Москва
|c Армада
|d 1999
|
| 215 |
|
|
|a 524 с.
|c ил.
|
| 225 |
1 |
|
|a Фантастический боевик
|
| 225 |
1 |
|
|a Хроники XXXIII миров
|
| 610 |
1 |
|
|a фантастика
|
| 610 |
1 |
|
|a романы
|
| 610 |
1 |
|
|a боевики
|
| 675 |
|
|
|a Р2
|v 3
|
| 700 |
|
1 |
|a Иванов
|b Б. Ф.
|g Борис Федорович
|
| 801 |
|
0 |
|a RU
|b 63413507
|c 20011209
|g PSBO
|
| 801 |
|
2 |
|a RU
|b 63413507
|c 20051119
|g PSBO
|
| 942 |
|
|
|c BK
|